000 00362nam a2200157Ia 4500
003 Ost
005 20260225132553.0
008 260225s9999||||xx |||||||||||||| ||und||
040 _cfsic
041 _afre
082 _a440
100 _apeter ducker
_eAuteur
245 0 _aL'entreprise face à la crise mondiale /
245 0 _cpeter ducker
942 _cكتاب
999 _c34270
_d34270